Central Library OPAC University of Rajshahi
Normal view MARC view

Entry Personal Name

Number of records used in: 2

001 - CONTROL NUMBER

  • control field: 10277

003 - CONTROL NUMBER IDENTIFIER

  • control field: BD-RjUL

005 - DATE AND TIME OF LATEST TRANSACTION

  • control field: 20231130153752.0

008 - FIXED-LENGTH DATA ELEMENTS

  • fixed length control field: 231130|| aca||aabn | a|a d

040 ## - CATALOGING SOURCE

  • Original cataloging agency: BD-RjUL
  • Transcribing agency: BD-RjUL

100 ## - HEADING--PERSONAL NAME

  • Personal name: Greenhaus, Jeffrey H.

670 ## - SOURCE DATA FOUND

  • Source citation: Work cat.: (BD-RjUL)82385: Greenhaus, Jeffrey H., author., Career management for life /